000
00213nam a22000977a 4500
999
_c
15845
_d
15845
003
OSt
008
191022b ||||| |||| 00| 0 eng d
100
_a
Sankara,Kurup G
_9
4323
245
_a
Vishwadarshanam
942
_c
BK